LEADER 01106nam a2200265 4500 001 000000331700 003 CaOOAMICUS 005 20190109090822.0 008 181213s2007 it 000 u ita r 020 $a978-88-350-2138-4 040 $aSeMil$bita 100 1 $aSigalini, Domenico,$d<1942- ,$cvescovo>.$0(OLS)http://semarc/name/43595 245 10$aGiovani di oggi /$cDomenico Sigalini ; intervista di Francesco Rossi. 264 1$aBrescia :$bLa Scuola,$c2007. 300 $a119 p. ;$c20 cm 490 1 $aInterviste [La scuola] 650 4$aGiovani.$0(OLS)http://semarc/subject/6300 700 1 $aRossi, Francesco,$c,$eintervistatore.$0(OLS)http://semarc/name/33763 830 0$aInterviste.$0(OLS)http://semarc/title/24883 850 $aSeMil 852 $aSeMil$W1$xVenegono$y1$m2F I 486$j210469$B224406$CSeMilBibl$Z2$F224406 $81 996 $6020$a978-88-350-2138-4$9(OLS)http://semarc/number/285916 996 $6245$aGiovani di oggi$9(OLS)http://semarc/title/420417 996 $6264$aBrescia :$bLa Scuola$9(OLS)http://semarc/publisher/29831 LEADER 01566nam a2200325 i 4500 001 000000110176 003 CaOOAMICUS 005 20090525000000.0 008 090525s2001 xxk u000 u eng u 013 $a82857 020 $a0-335-20578-X 040 $aSeMil$bita 100 1 $aDelanty, Gerard.$0(OLS)http://semarc/name/46216 245 10$aChallenging knowledge :$bthe university in the knowledge society /$cGerard Delanty. 260 $aBuckingham :$bSRHE and Open university press,$c2001. 260 $aBuckingham :$bSociety for research into higher education,$c2001. 300 $aVIII, 175 p. ;$c23 cm. 490 0 $aSRHE and Open university press imprint 650 4$aScienze sociali.$0(OLS)http://semarc/subject/2594 650 4$aUniversità.$0(OLS)http://semarc/subject/8066 650 4$aCultura.$0(OLS)http://semarc/subject/5616 650 4$aSociologia della conoscenza.$0(OLS)http://semarc/subject/15793 830 0$aSRHE and Open university press imprint.$0(OLS)http://semarc/title/28330 850 $aSeMil 852 $aSeMil$W1$xVenegono$y1$m2Q IV 188$j66088$B66088$CSeMilBibl$Z2$F74261 $81 961 $aOmaggio: Colasanto Prof. Michele 996 $6020$a0-335-20578-X$9(OLS)http://semarc/number/91826 996 $6245$aChallenging knowledge :$bthe university in the knowledge society$9(OLS)http://semarc/title/160109 996 $6260$aBuckingham :$bSociety for research into higher education$9(OLS)http://semarc/publisher/35506 996 $6260$aBuckingham :$bSRHE and Open university press$9(OLS)http://semarc/publisher/45072